Fr. Conceicao Rodrigues College of Engineering

Income-Tax Ready Reckoner. (Record no. 23887)

MARC details
000 -LEADER
fixed length control field 00236nam a2200121Ia 4500
100 ## - MAIN ENTRY--PERSONAL NAME
Personal name Mehta/N.V.
245 ## - TITLE STATEMENT
Title Income-Tax Ready Reckoner.
260 ## - PUBLICATION, DISTRIBUTION, ETC.
Name of publisher, distributor, etc. KUBER PUBL.
366 ## - TRADE AVAILABILITY INFORMATION
Publishers's discount category 20
300 ## - PHYSICAL DESCRIPTION
Extent 376
650 ## - SUBJECT ADDED ENTRY--TOPICAL TERM
Topical term or geographic name entry element General
942 ## - ADDED ENTRY ELEMENTS (KOHA)
Koha item type BOOK
Holdings
Withdrawn status Lost status Damaged status Not for loan Collection Home library Current library Shelving location Date acquired Source of acquisition Cost, normal purchase price Inventory number Total Checkouts Full call number Barcode Date last seen Cost, replacement price Price effective from Koha item type
        AFT Fr. Agnel's C.Rodrigues College of Engineering Fr. Agnel's C.Rodrigues College of Engineering   17/03/2023 From Office 360.00 3799/DT.15/06/2007   AFT8011 17/03/2023 450.00   BOOK